00317nam a2200133Ia 4500008004100000041000800041082001500049100001300064245003600077260002000113300000800133365001600141700002600157230718s9999 xx 000 0 und d aeng a372.6bMOH aMohan K. aDeveloping Communication Skills c2008bMacmillan a295 cRs.b168.00 aMohan K. & Banerji M.